00663cam a22002177a 4500003000500000005001700005008004100022010001000063011001000073035001000083040000900093100004100102245006300143260007700206300001800283490003400301650003200335650001600367700002800383830003400411CHAP20220817043054.0971010s1984 r 00010 d a64688 a65660 a72905 cCHAP00aFarías Fernández, José Manuel.13aEl mijo perlab: un nuevo forraje para la Comarca Lagunera aMatamoros, Coah. :bINIA. Campo Agrícola Experimental La Laguna,c1984 a9 p.b: ilus. 0aFolleto para productoresv; 814aForrajesxComarca Lagunera.14aMijo perla.0 aFaz Contreras, Rodolfo.0 aFolleto para productoresv; 8